| 000 | 00948nam a2200253 i 4500 | ||
|---|---|---|---|
| 001 | 150147 | ||
| 003 | ES-MaACL | ||
| 005 | 20250624062532.0 | ||
| 007 | t| | ||
| 008 | 071026s1926 sp ||||1| spa d | ||
| 080 | _a821.134.2-23"19" | ||
| 100 | 1 |
_aValle-Inclán, Ramón del, _d1866-1936 _9112796 |
|
| 245 | 1 | 0 |
_aTablado de marionetas para educación de príncipes / _clo saca a la luz Ramón del Valle-Inclán. |
| 260 |
_aMadrid : _bPueyo, _c1926 ( _fRivadeneyra) |
||
| 300 |
_a222 p. : _bil. ; _c18 cm. |
||
| 490 | 1 |
_aOpera omnia ; _v10 |
|
| 505 | 0 | _aFarsa italiana de la enamorada del rey ; Farsa infantil de la cabeza del dragón ; Farsa y licencia de la reina castiza | |
| 740 | 0 | 2 | _aFarsa italiana de la enamorada del rey. |
| 740 | 0 | 2 | _aFarsa infantil de la cabeza del dragón. |
| 740 | 0 | 2 | _aFarsa y licencia de la reina castiza. |
| 830 | 1 |
_aOpera omnia ; _v10 _9187581 |
|
| 852 |
_aES-MaACL _jB-3717 |
||
| 999 |
_c150147 _d150147 |
||